[Event "XXIV Open"]
[Site "Cappelle La Grande FRA"]
[Date "2008.02.22"]
[Round "8"]
[White "Vitiugov, N."]
[Black "Fedorchuk, S."]
[Result "1/2-1/2"]
[WhiteElo "2609"]
[BlackElo "2652"]
[PlyCount "76"]
[EventDate "2008.02.16"]
[Source "www.chesslib.no"]
[SourceDate "2004.05.04"]

1. d4 Nf6 2. c4 e6 3. Nc3 Bb4 4. Nf3 b6 5. Bg5 Bb7 6. Nd2 h6 7. Bh4 Bxc3 8. bxc3 d6 9. f3 Nbd7 10. e4 Qe7 11. Be2 g5 12. Bf2 Nh5 13. O-O Nf4 14. Re1 Nxe2+ 15. Qxe2 Rg8 16. a4 a5 17. Rab1 h5 18. c5 dxc5 19. Nb3 Ba6 20. c4 cxd4 21. Nxd4 Ne5 22. Nb5 g4 23. fxg4 Nxg4 24. h3 Nxf2 25. Qxf2 Rg5 26. h4 Rc5 27. Rbd1 Rxc4 28. Qb2 f6 29. Qb3 Qc5+ 30. Kh1 Bxb5 31. Qg3 Kf7 32. axb5 Qxb5 33. Qf4 Rg8 34. Qh6 Rg6 35. Qh7+ Rg7 36. Qh6 Rg6 37. Qh7+ Rg7 38. Qh6 Rg6 1/2-1/2

[Event "60th ch-RUS Higher League"]
[Site "Krasnoyarsk RUS"]
[Date "2007.09.13"]
[Round "10"]
[White "Dreev, A."]
[Black "Tomashevsky, E."]
[Result "1/2-1/2"]
[WhiteElo "2606"]
[BlackElo "2654"]
[PlyCount "213"]
[EventDate "2007.09.03"]
[Source "www.chesslib.no"]
[SourceDate "2004.05.04"]

1. d4 Nf6 2. c4 e6 3. Nf3 b6 4. Nc3 Bb4 5. Bg5 Bb7 6. Qc2 h6 7. Bh4 Bxc3+ 8. Qxc3 g5 9. Bg3 Ne4 10. Qc2 d6 11. d5 Nxg3 12. hxg3 Qf6 13. e3 Nd7 14. Nd4 a6 15. Be2 e5 16. Nf5 Bc8 17. g4 Nc5 18. Ng3 a5 19. b3 Qg6 20. e4 Bd7 21. Rd1 Ra7 22. f3 Kf8 23. Kf2 Qf6 24. Nh5 Qd8 25. Rh3 Ke7 26. Ng3 Qg8 27. Rdh1 Qg6 28. Nf1 Qf6 29. Ne3 Kf8 30. g3 Kg7 31. Kg2 Qd8 32. Qd2 f6 33. Bd1 Qe7 34. Bc2 Raa8 35. Kg1 Rh7 36. Rh5 Nb7 37. Qh2 Rah8 38. a3 Qf8 39. Qd2 Qa8 40. Qc3 Nd8 41. Kg2 Nf7 42. b4 Qa7 43. Ra1 Ra8 44. Rhh1 Rhh8 45. Bd3 Rhb8 46. Rhc1 Rb7 47. Be2 Qb8 48. Kf2 Rba7 49. Rcb1 Qf8 50. Rc1 Qb8 51. Bd3 Qf8 52. Qb2 Qb8 53. Be2 Rb7 54. Qd2 Qf8 55. Ra2 Qh8 56. Kg2 axb4 57. axb4 Rba7 58. Rca1 Qb8 59. Nd1 Nh8 60. Nc3 Ng6 61. Qb2 Ne7 62. Ra3 Nc8 63. Bd1 Rxa3 64. Rxa3 Rxa3 65. Qxa3 Qa7 66. Qxa7 Nxa7 67. Kf2 Kf7 68. Ke3 Bc8 69. Bb3 Ke7 70. Kd3 Kd8 71. c5 b5 72. Kd2 Ke7 73. Bc2 Kf7 74. Bd3 Ba6 75. Nd1 Kg6 76. Ne3 Nc8 77. Nf5 Kh7 78. Kc2 Kg6 79. Kb3 Kh7 80. Kc2 Kg6 81. Kd2 Kh7 82. Ne3 Kg6 83. Nc2 Kf7 84. Kc3 Ke7 85. Kb2 Kf7 86. Kb3 Ke7 87. Kc3 Kf7 88. Na1 Ke7 89. Nb3 Na7 90. Na5 Kf7 91. Kd2 Ke7 92. Ke3 Kf7 93. Nb3 Ke7 94. Kd2 Kf7 95. Na1 Nc8 96. Nc2 Kg6 97. Kc3 Kf7 98. Ne3 Kg6 99. Kb2 Kg7 100. Nd1 Kf7 101. Nc3 Na7 102. Na4 Ke7 103. Nc3 Kf7 104. Kc2 Kf8 105. Nd1 Kf7 106. Ne3 Nc8 107. Nf5 1/2-1/2

[Event "ch-RUS Superfinal"]
[Site "Moscow RUS"]
[Date "2005.12.20"]
[Round "2"]
[White "Dreev, A."]
[Black "Tomashevsky, E."]
[Result "1/2-1/2"]
[WhiteElo "2694"]
[BlackElo "2564"]
[PlyCount "111"]
[EventDate "2005.??.??"]
[Source "www.chesslib.no"]
[SourceDate "2004.05.04"]

1. d4 Nf6 2. c4 e6 3. Nf3 b6 4. Nc3 Bb4 5. Bg5 Bb7 6. e3 h6 7. Bh4 Bxc3+ 8. bxc3 d6 9. Nd2 Nbd7 10. f3 Qe7 11. Qa4 e5 12. e4 O-O 13. Be2 Rfe8 14. O-O Nf8 15. Rfd1 Ng6 16. Bf2 c5 17. Qc2 Nf4 18. Bf1 Bc8 19. a4 N6h5 20. a5 Rb8 21. Kh1 Rf8 22. Re1 Ne6 23. Nb3 Ng5 24. axb6 axb6 25. Nd2 f5 26. exf5 Bxf5 27. Bd3 Bxd3 28. Qxd3 Nf4 29. Qf1 Qd7 30. Ne4 Nxe4 31. Rxe4 exd4 32. cxd4 Rbe8 33. Rae1 Rxe4 34. Rxe4 Qf5 35. dxc5 dxc5 36. Qa1 Ne6 37. Be3 Qf6 38. Qxf6 Rxf6 39. h4 Kf7 40. Kh2 h5 41. Re5 g6 42. Rd5 Ke7 43. Bh6 Rf7 44. Rd2 Rh7 45. Be3 Rh8 46. Rb2 Rb8 47. Kg3 Rb7 48. Bf4 Nd4 49. Be5 Nf5+ 50. Kf4 Ke6 51. Re2 b5 52. cxb5 Rxb5 53. Kg5 c4 54. f4 Kf7 55. Ra2 Ne7 56. Rc2 1/2-1/2

[Event "FRG TV-Preis"]
[Site "?"]
[Date "1986.??.??"]
[Round "?"]
[White "Miles, Anthony J"]
[Black "Timman, Jan Hein"]
[Result "0-1"]
[WhiteElo "2610"]
[BlackElo "2645"]
[PlyCount "106"]
[EventDate "1986.??.??"]
[Source "www.chesslib.no"]
[SourceDate "2004.05.04"]

1. d4 Nf6 2. c4 e6 3. Nf3 b6 4. Bg5 Bb4+ 5. Nc3 Bb7 6. e3 h6 7. Bh4 g5 8. Bg3 Ne4 9. Qc2 Bxc3+ 10. bxc3 d6 11. Bd3 f5 12. d5 Nc5 13. h4 g4 14. Nd4 Qf6 15. O-O Nxd3 16. Qxd3 e5 17. Nxf5 Bc8 18. e4 Bxf5 19. exf5 Nd7 20. f4 gxf3 21. Qxf3 O-O-O 22. a4 a5 23. Ra2 Rdg8 24. Bf2 h5 25. Re2 Rg4 26. Re4 Rhg8 27. Rxg4 Rxg4 28. Be1 e4 29. Qe3 Ne5 30. Rf4 Nf3+ 31. Kf1 Qe5 32. Rxg4 Nh2+ 33. Ke2 Nxg4 34. Bg3 Qxf5 35. Qg5 Qh7 36. Bf4 e3 37. Kf3 e2 38. Kxe2 Qe4+ 39. Kd1 Qxc4 40. g3 Qxa4+ 41. Kd2 Qa2+ 42. Kd3 Qb1+ 43. Kd2 Qb2+ 44. Kd3 Nf2+ 45. Ke3 Nd1+ 46. Ke4 Qc2+ 47. Kf3 Qd3+ 48. Kg2 Qe2+ 49. Kg1 Qf2+ 50. Kh1 Qf1+ 51. Kh2 Nf2 52. g4 Qh1+ 53. Kg3 Ne4# 0-1

[Event "Rubinstein mem 36th"]
[Site "Polanica Zdroj"]
[Date "1999.08.19"]
[Round "3"]
[White "Onischuk, Alexander"]
[Black "Bunzmann, Dimitrij"]
[Result "1-0"]
[WhiteElo "2657"]
[BlackElo "2596"]
[PlyCount "51"]
[EventDate "1999.08.17"]
[Source "ChessBase"]
[SourceDate "1999.12.01"]

1. d4 Nf6 2. c4 e6 3. Nf3 b6 4. Nc3 Bb4 5. Bg5 Bb7 6. Nd2 h6 7. Bh4 O-O 8. e3 c5 9. a3 cxd4 10. axb4 dxc3 11. bxc3 a5 12. Be2 Nc6 13. Rb1 Ne7 14. Bxf6 gxf6 15. O-O Qc7 16. Nb3 Nc6 17. c5 axb4 18. cxb4 Ra4 19. cxb6 Qxb6 20. Nc5 Rxb4 21. Nxd7 Rxb1 22. Qxb1 Qxb1 23. Rxb1 Bc8 24. Nxf8 Kxf8 25. Rb6 Bd7 26. Bb5 1-0

[Event "It (Open) Nova Gorica SLO"]
[Site "?"]
[Date "2006.01.31"]
[Round "8"]
[White "Azmaiparashvili Zurab"]
[Black "Markus Robert"]
[Result "1/2-1/2"]
[WhiteElo "2658"]
[BlackElo "2595"]
[PlyCount "56"]
[EventDate "2006.??.??"]
[Source "www.chesslib.no"]
[SourceDate "2004.05.04"]

1. d4 Nf6 2. c4 e6 3. Nf3 b6 4. Nc3 Bb4 5. Bg5 Bb7 6. Nd2 h6 7. Bh4 Nc6 8. e3 Ne7 9. Bxf6 gxf6 10. Qb3 c5 11. a3 Bxc3 12. Qxc3 cxd4 13. exd4 d5 14. c5 bxc5 15. Qxc5 Qb6 16. Bd3 Ba6 17. Bxa6 Qxa6 18. a4 Rc8 19. Qb5+ Qxb5 20. axb5 Nf5 21. Nf3 O-O 22. Kd2 Rc7 23. Ra6 Rfc8 24. Rb1 Rc2+ 25. Ke1 R8c4 26. b4 Nxd4 27. Nxd4 Rxd4 28. Rxa7 Rdd2 1/2-1/2

[Event "Munich"]
[Site "Munich"]
[Date "1990.??.??"]
[Round "?"]
[White "Beliavsky, Alexander G"]
[Black "Gulko, Boris F"]
[Result "1/2-1/2"]
[WhiteElo "2640"]
[BlackElo "2610"]
[PlyCount "40"]
[EventDate "1990.04.??"]
[Source "ChessBase"]

1. d4 Nf6 2. c4 e6 3. Nc3 Bb4 4. Nf3 b6 5. Bg5 Bb7 6. e3 h6 7. Bh4 Bxc3+ 8. bxc3 Qe7 9. Bd3 d6 10. Qc2 g5 11. Bg3 h5 12. h3 h4 13. Bh2 Rg8 14. e4 Nc6 15. Nd2 e5 16. d5 Nb8 17. Be2 Nbd7 18. Bg4 Nxg4 19. hxg4 Nc5 20. f3 Bc8 1/2-1/2

[Event "YUG-chT"]
[Site "?"]
[Date "1998.??.??"]
[Round "2"]
[White "Sakaev Konstantin"]
[Black "Almasi Zoltan"]
[Result "1/2-1/2"]
[WhiteElo "2620"]
[BlackElo "2630"]
[PlyCount "51"]
[EventDate "1998.??.??"]
[Source "www.chesslib.no"]
[SourceDate "2004.05.04"]

1. d4 Nf6 2. Nf3 e6 3. c4 b6 4. Nc3 Bb4 5. Bg5 Bb7 6. e3 h6 7. Bh4 Bxc3+ 8. bxc3 d6 9. Nd2 Qe7 10. f3 Nbd7 11. Qa4 e5 12. e4 O-O 13. Bd3 Qe8 14. O-O Nh5 15. Rae1 Nb8 16. Qd1 Nc6 17. Bf2 Nf4 18. Bc2 Na5 19. Be3 Ba6 20. g3 Ng6 21. Bd3 exd4 22. cxd4 c5 23. f4 cxd4 24. Bxd4 Rc8 25. Qa1 f6 26. Rc1 1/2-1/2

[Event "Corus-B"]
[Site "Wijk aan Zee"]
[Date "2000.01.27"]
[Round "8"]
[White "Onischuk, Alexander"]
[Black "Nisipeanu, Liviu Dieter"]
[Result "1/2-1/2"]
[WhiteElo "2637"]
[BlackElo "2611"]
[PlyCount "48"]
[EventDate "2000.01.18"]
[Source "ChessBase"]
[SourceDate "2000.04.05"]

1. d4 Nf6 2. c4 e6 3. Nf3 b6 4. Nc3 Bb4 5. Bg5 Bb7 6. Nd2 h6 7. Bh4 Bxc3 8. bxc3 d6 9. f3 Nbd7 10. e4 e5 11. a4 O-O 12. Bd3 Re8 13. O-O a5 14. Bf2 Nf8 15. Be3 exd4 16. cxd4 d5 17. cxd5 Nxd5 18. Qe2 c5 19. Nb3 Ne6 20. exd5 Nxd4 21. Qf2 Nxb3 22. Rad1 Ba6 23. Bxa6 Rxa6 24. Rfe1 Ra8 1/2-1/2

[Event "Calviá ol (Men)"]
[Site "Mallorca"]
[Date "2004.10.18"]
[Round "4.9"]
[White "Azmaiparashvili, Zurab"]
[Black "Perunovic, Milos"]
[Result "1-0"]
[WhiteElo "2672"]
[BlackElo "2575"]
[PlyCount "43"]
[EventDate "2004.10.15"]
[Source "Roberto Alvarez"]
[SourceDate "2004.10.25"]

1. d4 Nf6 2. c4 e6 3. Nf3 b6 4. Bg5 Bb7 5. Nc3 Bb4 6. Nd2 h6 7. Bh4 c5 8. d5 O-O 9. e4 d6 10. Bd3 Nbd7 11. f4 a6 12. O-O exd5 13. Nxd5 Bxd2 14. Nxf6+ Nxf6 15. Qxd2 Re8 16. Rae1 Re6 17. h3 Rb8 18. e5 dxe5 19. fxe5 Rxe5 20. Rxe5 Qd4+ 21. Qe3 Qxh4 22. Rf4 1-0

[Event "Niksic"]
[Site "Niksic"]
[Date "1983.??.??"]
[Round "14"]
[White "Seirawan, Yasser"]
[Black "Andersson, Ulf"]
[Result "1/2-1/2"]
[WhiteElo "2605"]
[BlackElo "2640"]
[PlyCount "81"]
[EventDate "1983.08.??"]
[Source "ChessBase"]

1. d4 Nf6 2. c4 e6 3. Bg5 h6 4. Bh4 b6 5. Nc3 Bb7 6. Qc2 Bb4 7. e3 O-O 8. Nf3 c5 9. a3 Bxc3+ 10. Qxc3 d6 11. Rd1 Qe7 12. Be2 Rd8 13. O-O Nbd7 14. b4 cxd4 15. Qxd4 Nf8 16. Bxf6 Qxf6 17. Qxf6 gxf6 18. Nd4 a6 19. Rd2 Ng6 20. f4 Ne7 21. Rfd1 d5 22. Bf3 Rdb8 23. cxd5 Nxd5 24. Nf5 Nc3 25. Rc1 Bxf3 26. Rxc3 exf5 27. gxf3 Rc8 28. Rxc8+ Rxc8 29. Rd6 Rc3 30. a4 b5 31. axb5 axb5 32. Rxf6 Rxe3 33. Rxf5 Rxf3 34. Kg2 Rb3 35. Rxb5 Kg7 36. Rb6 h5 37. h3 h4 38. f5 Kh7 39. Kf2 Kg7 40. Ke2 Rxh3 41. Kf2 1/2-1/2

[Event "Corsica Masters KO"]
[Site "?"]
[Date "2004.11.02"]
[Round "1.2"]
[White "Bacrot Etienne"]
[Black "Balogh Csaba"]
[Result "1-0"]
[WhiteElo "2718"]
[BlackElo "2527"]
[PlyCount "45"]
[EventDate "2004.??.??"]
[Source "www.chesslib.no"]
[SourceDate "2004.05.04"]

1. d4 Nf6 2. Nf3 e6 3. c4 b6 4. Nc3 Bb4 5. Bg5 Bb7 6. e3 h6 7. Bh4 g5 8. Bg3 Ne4 9. Qc2 Bxc3+ 10. bxc3 d6 11. Bd3 f5 12. d5 exd5 13. cxd5 Bxd5 14. Nd4 Qf6 15. f3 Nxg3 16. hxg3 f4 17. gxf4 gxf4 18. Be4 c6 19. exf4 Qxf4 20. Bxd5 cxd5 21. Kf2 Kd7 22. Rae1 Rg8 23. Qh7+ 1-0

[Event "Open de Genève maîtres"]
[Site "?"]
[Date "2004.01.28"]
[Round "5"]
[White "Khenkin Igor"]
[Black "Almasi Zoltan"]
[Result "1/2-1/2"]
[WhiteElo "2611"]
[BlackElo "2633"]
[PlyCount "25"]
[EventDate "2004.??.??"]
[Source "www.chesslib.no"]
[SourceDate "2004.05.04"]

1. d4 Nf6 2. c4 e6 3. Nf3 b6 4. Nc3 Bb4 5. Bg5 h6 6. Bh4 Bb7 7. Nd2 Bxc3 8. bxc3 d6 9. f3 Nbd7 10. e4 Qe7 11. Qa4 O-O 12. g4 e5 13. O-O-O 1/2-1/2

[Event "Wijk aan Zee (open)"]
[Site "?"]
[Date "1995.??.??"]
[Round "?"]
[White "Zvjaginsev, V."]
[Black "Adams, Mi"]
[Result "0-1"]
[WhiteElo "2585"]
[BlackElo "2655"]
[PlyCount "84"]
[EventDate "1995.??.??"]
[Source "ChessBase"]
[SourceDate "1994.10.01"]

1. d4 Nf6 2. Nf3 e6 3. c4 b6 4. Nc3 Bb4 5. Bg5 Bb7 6. e3 h6 7. Bh4 g5 8. Bg3 Ne4 9. Qc2 Bxc3+ 10. bxc3 Nxg3 11. hxg3 d6 12. g4 Nd7 13. Be2 Qe7 14. Rh2 O-O-O 15. Nd2 Rdf8 16. O-O-O f5 17. gxf5 exf5 18. Bf3 h5 19. Qa4 Kb8 20. Nb3 Bxf3 21. gxf3 f4 22. Re1 g4 23. Rhh1 g3 24. exf4 g2 25. Rhg1 Qg7 26. Qb5 a6 27. Qg5 Qf7 28. Qxg2 Qxc4 29. Kb2 Nf6 30. Qf1 Qxf1 31. Rgxf1 Nd5 32. Kc2 Nxf4 33. Nc1 h4 34. Nd3 Nxd3 35. Kxd3 Rxf3+ 36. Re3 Rxe3+ 37. Kxe3 Kc8 38. Kf3 Kd7 39. Rh1 Ke6 40. Kg4 Rg8+ 41. Kf3 Rf8+ 42. Kg2 Rf4 0-1

[Event "Manila (ol)"]
[Site "?"]
[Date "1992.??.??"]
[Round "?"]
[White "Kamsky, G."]
[Black "Hjartarson, J."]
[Result "1/2-1/2"]
[WhiteElo "2655"]
[BlackElo "2580"]
[PlyCount "115"]
[EventDate "1992.??.??"]
[Source "ChessBase"]
[SourceDate "1992.06.01"]

1. d4 Nf6 2. Nf3 e6 3. c4 b6 4. Nc3 Bb4 5. Bg5 Bb7 6. e3 h6 7. Bh4 Bxc3+ 8. bxc3 d6 9. Nd2 Nbd7 10. f3 Qe7 11. Qa4 O-O 12. Bd3 e5 13. e4 Qe8 14. O-O Nh5 15. Rfe1 Nf4 16. Bc2 c5 17. Rad1 Ne6 18. d5 Ng5 19. Nf1 Qe7 20. Kh1 Rfd8 21. Ne3 Nf8 22. Nf5 Qf6 23. Qa3 Ng6 24. Bg3 Bc8 25. Qc1 Nh7 26. Qd2 Ne7 27. Ne3 Bd7 28. Rf1 Ng6 29. Nf5 Re8 30. Rb1 Rab8 31. Bf2 Ne7 32. g4 Ng6 33. Bg3 Nhf8 34. h4 Nf4 35. Rf2 N8g6 36. Rh2 Bxf5 37. exf5 Nf8 38. Rg1 g5 39. fxg6 fxg6 40. g5 hxg5 41. hxg5 Qg7 42. Rh6 Nh5 43. Be4 b5 44. Qc2 Nxg3+ 45. Rxg3 Rb6 46. Bxg6 Reb8 47. Qf5 bxc4 48. Rg1 Rb2 49. Bh7+ Kh8 50. Qh3 Nxh7 51. g6 R2b7 52. Qh5 Rf8 53. Rg2 Rxf3 54. Kg1 Rb1+ 55. Kh2 Rb7 56. Kg1 Rb1+ 57. Kh2 Rb7 58. Kg1 1/2-1/2

[Event "WCC"]
[Site "?"]
[Date "2005.11.27"]
[Round "1.2"]
[White "Kazhgaleyev Murtas"]
[Black "Alekseev Evgeny"]
[Result "1-0"]
[WhiteElo "2602"]
[BlackElo "2632"]
[PlyCount "109"]
[EventDate "2005.??.??"]
[Source "www.chesslib.no"]
[SourceDate "2004.05.04"]

1. d4 Nf6 2. c4 e6 3. Nf3 b6 4. Nc3 Bb4 5. Bg5 Bb7 6. e3 h6 7. Bh4 g5 8. Bg3 Ne4 9. Qc2 Bxc3+ 10. bxc3 Nxg3 11. fxg3 Nc6 12. Bd3 Qe7 13. O-O d6 14. e4 O-O-O 15. Rf2 h5 16. Raf1 Rdf8 17. Qe2 Kb8 18. Nd2 f6 19. h3 e5 20. Nb3 Nd8 21. a4 Ne6 22. d5 Nc5 23. Nxc5 dxc5 24. a5 Bc8 25. Bc2 Rh7 26. Ba4 Qd6 27. Bc6 g4 28. h4 Rhf7 29. Qe3 Rh7 30. Kh2 Qe7 31. Ra1 Qd6 32. Rb2 Rff7 33. Rb5 f5 34. exf5 Bxf5 35. Qg5 Bc8 36. Rb2 e4 37. Re1 Re7 38. Rf2 Rh8 39. Rfe2 Qe5 40. axb6 cxb6 41. Rxe4 Qxg5 42. hxg5 Rxe4 43. Rxe4 Kc7 44. Re7+ Kd6 45. Rxa7 Bf5 46. Rf7 Ke5 47. Bd7 Bd3 48. Bb5 Bf5 49. Re7+ Kd6 50. Rb7 Rg8 51. Rxb6+ Ke5 52. Rc6 Bd7 53. Rc7 Bf5 54. Rxc5 Rxg5 55. d6+ 1-0

[Event "WCC"]
[Site "?"]
[Date "2005.11.29"]
[Round "1.4"]
[White "Jobava Baadur"]
[Black "Beliavsky Alexander G"]
[Result "1-0"]
[WhiteElo "2601"]
[BlackElo "2631"]
[PlyCount "65"]
[EventDate "2005.??.??"]
[Source "www.chesslib.no"]
[SourceDate "2004.05.04"]

1. d4 Nf6 2. Nf3 e6 3. c4 b6 4. Bg5 Bb7 5. Nc3 Bb4 6. Nd2 h6 7. Bh4 O-O 8. e4 g5 9. Bg3 Bxe4 10. h4 Bg6 11. hxg5 hxg5 12. Qf3 Nc6 13. Bxc7 Qe7 14. a3 Nxd4 15. Qh3 Nh7 16. axb4 Nc2+ 17. Kd1 Nxa1 18. Bd3 f5 19. Qh6 Rf6 20. Be5 Raf8 21. g4 Qxb4 22. f4 gxf4 23. g5 Kf7 24. gxf6 Rg8 25. Nb5 Nxf6 26. Qh4 Ne8 27. Nf3 a6 28. Bc3 Qa4+ 29. Ke2 axb5 30. Ne5+ Kf8 31. Nxd7+ Kf7 32. Ne5+ Kf8 33. Nc6 1-0

[Event "It (Open) Dubai UAE"]
[Site "?"]
[Date "2006.04.29"]
[Round "7"]
[White "Sargissian Gabriel"]
[Black "Sadvakasov Darmen"]
[Result "1-0"]
[WhiteElo "2612"]
[BlackElo "2619"]
[PlyCount "45"]
[EventDate "2006.??.??"]
[Source "www.chesslib.no"]
[SourceDate "2004.05.04"]

1. d4 Nf6 2. c4 e6 3. Nc3 Bb4 4. Nf3 b6 5. Bg5 Bb7 6. Nd2 h6 7. Bh4 c5 8. d5 exd5 9. cxd5 O-O 10. e4 Re8 11. Be2 Qe7 12. f3 d6 13. Bb5 Nbd7 14. O-O g5 15. Bg3 Nh5 16. f4 Nxg3 17. hxg3 c4 18. Bxd7 Qxd7 19. Qh5 Kg7 20. Kh2 f6 21. fxg5 fxg5 22. Rf6 Re7 23. Rxh6 1-0

[Event "Mind Sports Games - Blitz Team"]
[Site "Pechino CINA"]
[Date "2008.10.13"]
[Round "7"]
[White "Zhang Zhong"]
[Black "Fier, A."]
[Result "1-0"]
[WhiteElo "2649"]
[BlackElo "2581"]
[PlyCount "91"]
[EventDate "2008.10.13"]
[Source "www.chesslib.no"]
[SourceDate "2004.05.04"]

1. d4 Nf6 2. Nf3 e6 3. c4 b6 4. Nc3 Bb4 5. Bg5 Bb7 6. Nd2 h6 7. Bh4 Bxc3 8. bxc3 d6 9. f3 g5 10. Bf2 Nbd7 11. e4 c5 12. Bd3 Qe7 13. Qa4 Nh5 14. g3 Nhf6 15. Rb1 Kf8 16. O-O Kg7 17. Be3 e5 18. Rf2 Nf8 19. d5 Ng6 20. Nf1 Bc8 21. Bd2 Bh3 22. Ne3 Bd7 23. Qa6 Rhb8 24. Qa3 a6 25. Qc1 Nh7 26. Qf1 b5 27. cxb5 axb5 28. Bxb5 Bxb5 29. Nf5+ Kf8 30. Rxb5 Qd7 31. a4 h5 32. Be3 Ne7 33. Nxe7 Kxe7 34. Rfb2 Rc8 35. Rb7 Rc7 36. Rxc7 Qxc7 37. Qb5 Ra7 38. c4 f6 39. Bd2 Nf8 40. a5 Nd7 41. Qc6 Kd8 42. h4 gxh4 43. gxh4 Nb8 44. Qb5 Kc8 45. Qe8+ Qd8 46. Rxb8+ 1-0

[Event "Elista (ol) 73/580"]
[Site "?"]
[Date "1998.??.??"]
[Round "?"]
[White "Zvjaginsev, Vadim"]
[Black "Huebner, Robert"]
[Result "1-0"]
[WhiteElo "2650"]
[BlackElo "2575"]
[PlyCount "91"]
[EventDate "1998.??.??"]
[Source "ChessBase"]
[SourceDate "1998.06.01"]

1. d4 Nf6 2. c4 e6 3. Nc3 Bb4 4. Nf3 b6 5. Bg5 Bb7 6. e3 h6 7. Bh4 g5 8. Bg3 Ne4 9. Qc2 Bxc3+ 10. bxc3 d6 11. Bd3 f5 12. d5 Nd7 13. dxe6 Ndc5 14. Nd4 Rf8 15. Be2 g4 16. f3 Nxg3 17. hxg3 Qg5 18. O-O-O O-O-O 19. Bd3 gxf3 20. gxf3 Nxe6 21. Bxf5 Rxf5 22. Qxf5 Qxf5 23. Nxf5 Bxf3 24. Rxh6 Bxd1 25. Kxd1 Ng5 26. g4 Rf8 27. Ke2 Kd8 28. Rg6 Ne4 29. Kd3 Nf2+ 30. Kd4 Nxg4 31. Ng7 c5+ 32. Kd5 Nxe3+ 33. Ke4 Nxc4 34. Ne6+ Ke7 35. Nxf8 Kxf8 36. Kd5 b5 37. Ke6 a5 38. Rg4 Ne3 39. Rf4+ Ke8 40. Kxd6 Nd1 41. c4 b4 42. Kxc5 Nc3 43. Kb6 a4 44. Ka5 b3 45. axb3 axb3 46. Rf2 1-0

[Event "World Cup"]
[Site "Khanty-Mansiysk RUS"]
[Date "2007.11.27"]
[Round "2.1"]
[White "Zhao Jun"]
[Black "Nisipeanu, LD."]
[Result "1/2-1/2"]
[WhiteElo "2552"]
[BlackElo "2668"]
[PlyCount "86"]
[EventDate "2007.11.24"]
[Source "www.chesslib.no"]
[SourceDate "2004.05.04"]

1. d4 Nf6 2. c4 e6 3. Nc3 Bb4 4. Nf3 b6 5. Bg5 Bb7 6. Nd2 h6 7. Bh4 Bxc3 8. bxc3 d6 9. f3 Nbd7 10. e3 Qe7 11. Bd3 e5 12. e4 Nf8 13. Nf1 Ng6 14. Bf2 Nf4 15. Ne3 Nxd3+ 16. Qxd3 Nh5 17. g3 O-O 18. O-O Rae8 19. a4 Qg5 20. h4 Qg6 21. Kh2 exd4 22. cxd4 Bxe4 23. fxe4 Rxe4 24. Rad1 f5 25. Nd5 Qf7 26. Qf3 c6 27. Ne3 Qg6 28. Ng2 f4 29. gxf4 Nxf4 30. Bg3 Ne6 31. Qd3 Rxf1 32. Qxf1 Nxd4 33. Qd3 c5 34. Nf4 Qf5 35. Qf1 Qg4 36. Rd3 Nf5 37. Qf3 Qxf3 38. Rxf3 Rxc4 39. Ne6 Nxg3 40. Kxg3 Rxa4 41. h5 Re4 42. Rf8+ Kh7 43. Nf4 Re5 1/2-1/2

[Event "Dortmund"]
[Site "?"]
[Date "1995.??.??"]
[Round "?"]
[White "Piket, Je"]
[Black "Lobron, E."]
[Result "1-0"]
[WhiteElo "2625"]
[BlackElo "2595"]
[PlyCount "85"]
[EventDate "1995.??.??"]
[Source "ChessBase"]
[SourceDate "1995.06.01"]

1. d4 Nf6 2. c4 e6 3. Nc3 Bb4 4. Nf3 b6 5. Bg5 Bb7 6. e3 Bxc3+ 7. bxc3 h6 8. Bh4 Qe7 9. Nd2 g5 10. Bg3 d6 11. h4 Rg8 12. hxg5 hxg5 13. Be2 Nc6 14. Qa4 Qd7 15. Rh6 Ne5 16. Qd1 Ng6 17. Bf3 Bxf3 18. Qxf3 Ke7 19. O-O-O Rab8 20. e4 Qa4 21. e5 dxe5 22. Bxe5 Nd7 23. Bxc7 Rbc8 24. Rh7 Rgf8 25. Bg3 Qxa2 26. Re1 Qa1+ 27. Nb1 Rxc4 28. Rxe6+ Kxe6 29. d5+ Ke7 30. Qe2+ Nde5 31. Bxe5 Nxe5 32. Qxe5+ Kd7 33. Qe6+ Kd8 34. Qd6+ Ke8 35. Rh3 Re4 36. Qc6+ Kd8 37. Re3 Rxe3 38. fxe3 Rh8 39. Qf6+ Kd7 40. Qxh8 Qa2 41. Qe5 Qxg2 42. Qf5+ Kd6 43. e4 1-0

[Event "4th IECC"]
[Site "Istanbul"]
[Date "2003.06.02"]
[Round "4"]
[White "Bacrot, Etienne"]
[Black "Bischoff, Klaus"]
[Result "1/2-1/2"]
[WhiteElo "2654"]
[BlackElo "2564"]
[PlyCount "88"]
[EventDate "2003.05.30"]
[Source "Roberto Alvarez"]
[SourceDate "2003.06.23"]

1. d4 Nf6 2. c4 e6 3. Nc3 Bb4 4. Nf3 b6 5. Bg5 Bb7 6. e3 h6 7. Bh4 c5 8. Bd3 cxd4 9. exd4 O-O 10. O-O Be7 11. Re1 d6 12. b4 Nbd7 13. Nd2 Re8 14. Rb1 Bf8 15. Bc2 Qc8 16. Bg3 a6 17. Bd3 g6 18. h3 e5 19. dxe5 Nxe5 20. Bf1 Bg7 21. Rc1 Qf5 22. Nb3 Nh5 23. Bh2 Nf4 24. Bxf4 Qxf4 25. Nd5 Qh4 26. g3 Qd8 27. Bg2 Rc8 28. Nf6+ Bxf6 29. Bxb7 Rxc4 30. Rxc4 Nxc4 31. Rxe8+ Qxe8 32. Bxa6 b5 33. Qd5 Qe1+ 34. Kg2 Qe2 35. Qf3 Qxf3+ 36. Kxf3 Na3 37. Nc1 Bc3 38. Nd3 Nc2 39. Ke4 Nxb4 40. Nxb4 Bxb4 41. Bxb5 Be1 42. Ke3 Kf8 43. g4 Ke7 44. f4 g5 1/2-1/2

[Event "Kusadasi TUR"]
[Site "?"]
[Date "2006.04.07"]
[Round "4"]
[White "Izoria Zviad"]
[Black "Palac Mladen"]
[Result "1/2-1/2"]
[WhiteElo "2652"]
[BlackElo "2561"]
[PlyCount "39"]
[EventDate "2006.??.??"]
[Source "www.chesslib.no"]
[SourceDate "2004.05.04"]

1. d4 Nf6 2. c4 e6 3. Nc3 Bb4 4. Nf3 b6 5. Bg5 h6 6. Bh4 g5 7. Bg3 Ne4 8. Qc2 Bb7 9. e3 d6 10. Bd3 Bxc3+ 11. bxc3 f5 12. d5 Nd7 13. Bxe4 fxe4 14. Qxe4 Qf6 15. Qxe6+ Qxe6 16. dxe6 Nc5 17. O-O Bxf3 18. gxf3 Nxe6 19. h4 Rf8 20. hxg5 1/2-1/2

[Event "TCh-FRA Top 16 Gp A"]
[Site "Clichy FRA"]
[Date "2008.03.23"]
[Round "2"]
[White "Movsesian, S."]
[Black "Prie, E."]
[Result "1/2-1/2"]
[WhiteElo "2677"]
[BlackElo "2532"]
[PlyCount "126"]
[EventDate "2008.03.22"]
[Source "www.chesslib.no"]
[SourceDate "2004.05.04"]

1. d4 Nf6 2. Nf3 e6 3. c4 Bb4+ 4. Nc3 b6 5. Bg5 Bb7 6. Nd2 h6 7. Bh4 O-O 8. Qc2 c5 9. a3 Bxc3 10. bxc3 d6 11. e4 Nc6 12. Nb3 a5 13. Rd1 cxd4 14. cxd4 a4 15. Nc1 e5 16. dxe5 Nxe5 17. f3 Re8 18. Be2 Re6 19. Nd3 Nxd3+ 20. Qxd3 Qc7 21. O-O Nd7 22. Bg3 Ne5 23. Qd4 Rc8 24. Rb1 Nxc4 25. Rfc1 Ba6 26. Bxc4 Bxc4 27. Rxb6 Qd8 28. Rxd6 Rxd6 29. Bxd6 Bb3 30. Rxc8 Qxc8 31. h3 Qc4 32. Qe3 Qc2 33. Bb4 Bc4 34. Qf4 Qd1+ 35. Kh2 Qc2 36. h4 Qf2 37. Bc3 Qc5 38. Qg3 Qf8 39. h5 f6 40. e5 f5 41. Qh4 Qf7 42. Kg3 Bb3 43. Bb4 Qe8 44. Kf4 Bf7 45. Qe7 Qxe7 46. Bxe7 Be6 47. Bb4 Kf7 48. Ke3 g6 49. hxg6+ Kxg6 50. Kd4 h5 51. Kc5 Kf7 52. Be1 Bb3 53. Kd6 Ba2 54. Bh4 Bb3 55. Bf6 Ba2 56. Kc6 Bb3 57. Kb5 Bc2 58. Kc4 Bb3+ 59. Kd4 Ba2 60. Ke3 Bb3 61. Kf4 Kg6 62. Kg3 Bc4 63. Kh4 Bb3 1/2-1/2